[Event "Moscow-Open 2021_A"]
[Site "Moscow"]
[Date "2021.02.21"]
[Round "2.12"]
[White "Zarubitski, Viachaslau"]
[Black "Mochalin, Faddey"]
[Result "1-0"]
[WhiteElo "2446"]
[BlackElo "2110"]
[PlyCount "89"]
[EventDate "2021.02.20"]

1. d4 d5 2. Bf4 Nf6 3. e3 c5 4. c3 Nc6 5. Nd2 Bf5 6. Ngf3 e6 7. Ne5 Qb6 8. Qa4
a6 9. Qb3 Qxb3 10. axb3 Nxe5 11. Bxe5 Ne4 12. Nxe4 Bxe4 13. dxc5 f6 14. Bd6
Bxd6 15. cxd6 Rd8 16. f3 Bg6 17. b4 O-O 18. b5 axb5 19. Bxb5 Rxd6 20. Ra5 Rc8
21. Kd2 d4 22. exd4 e5 23. Rd1 exd4 24. c4 Rdd8 25. Ra7 Rb8 26. Re1 Kf8 27. Re6
Ra8 28. Rxb7 Ra2 29. Bc6 Bf7 30. Bd5 Ra5 31. Rxf6 gxf6 32. Rxf7+ Ke8 33. Rxh7
Ra1 34. b4 Rb1 35. b5 Rxd5 36. cxd5 Rxb5 37. d6 Rb2+ 38. Kd3 Rxg2 39. Kxd4 Rd2+
40. Kc5 Rd3 41. f4 Kd8 42. Kc6 Rc3+ 43. Kd5 Re3 44. h4 Ke8 45. Re7+ 1-0

[Event "Moscow-Open 2021_A"]
[Site "Moscow"]
[Date "2021.02.21"]
[Round "2.13"]
[White "Tarasenko, Iaroslav"]
[Black "Kukhmazov, Arsen"]
[Result "0-1"]
[WhiteElo "2060"]
[BlackElo "2442"]
[PlyCount "92"]
[EventDate "2021.02.20"]

1. e4 c6 2. d4 d5 3. Nc3 dxe4 4. Nxe4 Bf5 5. Ng3 Bg6 6. h4 h6 7. f4 e6 8. Nf3
Bd6 9. h5 Bh7 10. Bd3 Bxd3 11. Qxd3 Nf6 12. Bd2 Qc7 13. Ne5 c5 14. O-O-O cxd4
15. Qxd4 Nc6 16. Nxc6 Qxc6 17. Rhe1 O-O 18. Ne4 Be7 19. Nxf6+ Bxf6 20. Qe4 Qb5
21. Bb4 Rfc8 22. Ba3 Rc4 23. Qe2 Rac8 24. Rd2 Qa5 25. Kb1 Bc3 26. bxc3 Qxa3 27.
Rd8+ Rxd8 28. Qxc4 Rd6 29. Ka1 Rc6 30. Qb3 Qc5 31. Re5 Qxc3+ 32. Qxc3 Rxc3 33.
Kb2 Rc6 34. Kb3 f6 35. Re3 Kf7 36. Rd3 Rc7 37. c4 e5 38. f5 Ke7 39. Rg3 Kd6 40.
Rd3+ Kc6 41. Rd8 Rd7 42. Rc8+ Kb6 43. c5+ Ka6 44. c6 Rd3+ 45. Kc2 Rg3 46. c7
Kb6 0-1

[Event "Moscow-Open 2021_A"]
[Site "Moscow"]
[Date "2021.02.21"]
[Round "2.14"]
[White "Lazavik, Denis"]
[Black "Gorovenko, Darya"]
[Result "1-0"]
[WhiteElo "2442"]
[BlackElo "2106"]
[PlyCount "199"]
[EventDate "2021.02.20"]

1. d4 Nf6 2. c4 c5 3. d5 b5 4. Nf3 g6 5. cxb5 a6 6. e3 Bg7 7. Nc3 O-O 8. a4 Bb7
9. e4 Qa5 10. Bd2 e6 11. h3 exd5 12. e5 Re8 13. Be2 Nh5 14. Ne4 Qc7 15. Nd6
Rxe5 16. Nxb7 Rxe2+ 17. Qxe2 Qxb7 18. O-O d6 19. Rab1 axb5 20. Qe8+ Bf8 21.
Qxb5 Qxb5 22. axb5 Nd7 23. b4 Rb8 24. bxc5 dxc5 25. Ba5 Nhf6 26. b6 Rb7 27. Rb5
Ne4 28. Ra1 Nd6 29. Rbb1 Nc4 30. Ne1 Nxa5 31. Rxa5 Rxb6 32. Rxb6 Nxb6 33. Ra6
Nd7 34. Kf1 c4 35. Nc2 c3 36. Rc6 Nc5 37. Rc8 Na4 38. Rd8 Nb6 39. Ke2 Kg7 40.
Kd3 Be7 41. Rb8 Nd7 42. Rb5 Nc5+ 43. Kd4 Ne6+ 44. Kxc3 Nf4 45. Ne1 Bf6+ 46. Kd2
d4 47. h4 h5 48. g3 Ne6 49. Nf3 Kg8 50. Kd3 Kg7 51. Kc4 Kg8 52. Nd2 Kg7 53. Nb3
Kg8 54. Rb6 Kg7 55. Ra6 Nc7 56. Ra7 Ne6 57. Ra5 Kg8 58. Nd2 Kg7 59. Ne4 Be7 60.
Ra7 Kf8 61. Rb7 Ba3 62. Kd5 Be7 63. Rd7 Ke8 64. Ra7 Kf8 65. Ke5 d3 66. Rd7 Nc5
67. Rd5 Nxe4 68. Kxe4 Kg7 69. Kxd3 Kf6 70. Ke4 Bb4 71. Rd3 Ke6 72. Rb3 Bc5 73.
Rb2 Bf8 74. Rb6+ Ke7 75. Kd5 Bg7 76. Rb7+ Kf8 77. Ra7 Bc3 78. Kd6 Be1 79. Ra2
Kg7 80. Ke7 Bb4+ 81. Ke8 f6 82. Rb2 Bc5 83. Kd7 Kf7 84. Kc6 Bd4 85. Rd2 Bc3 86.
Rc2 Be1 87. Kd5 g5 88. hxg5 fxg5 89. Re2 Bc3 90. Ke4 Kf6 91. f4 Ba5 92. Ra2 Be1
93. Ra6+ Kf7 94. fxg5 Bxg3 95. Kf5 h4 96. Ra7+ Kg8 97. Kf6 Bd6 98. Ra8+ Bf8 99.
g6 h3 100. g7 1-0

[Event "Moscow-Open 2021_A"]
[Site "Moscow"]
[Date "2021.02.21"]
[Round "2.15"]
[White "Zhukov, Ivan"]
[Black "Suleymenov, Alisher"]
[Result "0-1"]
[WhiteElo "2050"]
[BlackElo "2440"]
[PlyCount "62"]
[EventDate "2021.02.20"]

1. e4 c5 2. Nf3 Nc6 3. d4 cxd4 4. Nxd4 Nf6 5. Nc3 d6 6. Bg5 e6 7. Qd2 a6 8. f4
Bd7 9. Nf3 Be7 10. O-O-O b5 11. Bxf6 gxf6 12. f5 Qb6 13. Bd3 O-O-O 14. Kb1 h6
15. Rhf1 Kb8 16. g3 Ne5 17. Ne2 Bc8 18. Nf4 d5 19. Qe2 dxe4 20. Bxe4 Nc4 21.
fxe6 Bxe6 22. Rxd8+ Rxd8 23. Bd3 Qc6 24. Re1 Nxb2 25. Nxe6 Na4 26. Nxd8 Qc3 27.
Nc6+ Ka8 28. Kc1 Ba3+ 29. Kd1 Nb2+ 30. Kc1 Nc4+ 31. Kd1 Qa1# 0-1

[Event "Moscow-Open 2021_A"]
[Site "Moscow"]
[Date "2021.02.21"]
[Round "2.16"]
[White "Bykov, Egor"]
[Black "Popovich, Alexey"]
[Result "1-0"]
[WhiteElo "2436"]
[BlackElo "2102"]
[PlyCount "59"]
[EventDate "2021.02.20"]

1. Nf3 d5 2. g3 c6 3. Bg2 Bg4 4. O-O Nd7 5. d4 e6 6. Nbd2 Ngf6 7. Re1 Be7 8. e4
O-O 9. c3 Bh5 10. a4 a5 11. e5 Ne8 12. Nb3 b5 13. h3 Bg6 14. Be3 Qb6 15. Bf1
Nc7 16. Nfd2 f5 17. exf6 Nxf6 18. Nc5 e5 19. Nf3 e4 20. Ne5 Be8 21. b4 axb4 22.
cxb4 Bxc5 23. bxc5 Qb8 24. axb5 Nxb5 25. Qb3 Qb7 26. Rxa8 Qxa8 27. Rb1 Kh8 28.
Qb4 Qb7 29. Bxb5 cxb5 30. c6 1-0

[Event "Moscow-Open 2021_A"]
[Site "Moscow"]
[Date "2021.02.21"]
[Round "2.17"]
[White "Savitskiy, Sergey"]
[Black "Teiitbaev, Aktilek"]
[Result "1-0"]
[WhiteElo "2427"]
[BlackElo "2100"]
[PlyCount "77"]
[EventDate "2021.02.20"]

1. e4 e5 2. Nf3 Nc6 3. Nc3 Nf6 4. Bb5 Bb4 5. O-O O-O 6. d3 d6 7. Ne2 h6 8. c3
Ba5 9. Ng3 Ne7 10. d4 c6 11. Bd3 Bc7 12. h3 Ng6 13. Re1 Re8 14. Be3 Be6 15. Qd2
d5 16. exd5 Bxd5 17. Bxg6 fxg6 18. Nxe5 Bxe5 19. dxe5 Rxe5 20. c4 Bf7 21. Qc3
Re6 22. Bd4 Qe7 23. Rxe6 Bxe6 24. Re1 Qf7 25. Bxf6 gxf6 26. Ne4 Kg7 27. Nd6 Qd7
28. Nxb7 Bf7 29. Nc5 Qf5 30. Qd4 Re8 31. Rxe8 Bxe8 32. g4 Qf3 33. Ne6+ Kf7 34.
Nd8+ Kg8 35. Qd6 Qxh3 36. Qe6+ Kf8 37. Qxf6+ Kg8 38. Ne6 Qxg4+ 39. Kh2 1-0

[Event "Moscow-Open 2021_A"]
[Site "Moscow"]
[Date "2021.02.21"]
[Round "2.18"]
[White "Lupolov, Boris"]
[Black "Kardashevskiy, Evgeny"]
[Result "0-1"]
[WhiteElo "2045"]
[BlackElo "2427"]
[PlyCount "74"]
[EventDate "2021.02.20"]

1. d4 Nf6 2. c4 e6 3. Nc3 Bb4 4. Qc2 O-O 5. Nf3 c5 6. a3 Bxc3+ 7. Qxc3 b6 8.
Bg5 Bb7 9. e3 d6 10. Be2 Nbd7 11. O-O Qc7 12. Bxf6 Nxf6 13. Rfd1 Rfd8 14. Rac1
Rac8 15. b4 Qe7 16. Qb2 Rc7 17. a4 Rdc8 18. dxc5 bxc5 19. b5 Rd8 20. a5 Rcc8
21. h3 h6 22. Nd2 Nd7 23. Bf3 Ne5 24. Qc3 Nxf3+ 25. Nxf3 d5 26. Rd2 dxc4 27.
Rxd8+ Qxd8 28. a6 Bd5 29. Ne5 Rb8 30. e4 Bxe4 31. Qxc4 Qg5 32. Ng4 Rxb5 33. Ne3
Bc6 34. Qd3 Bxg2 35. Kh2 Bc6 36. Qd6 Rb2 37. Ng4 Rxf2+ 0-1

[Event "Moscow-Open 2021_A"]
[Site "Moscow"]
[Date "2021.02.21"]
[Round "2.19"]
[White "Smirnov, Timofey"]
[Black "Popov, Maksim"]
[Result "1-0"]
[WhiteElo "2414"]
[BlackElo "2062"]
[PlyCount "103"]
[EventDate "2021.02.20"]

1. e4 Nc6 2. Nf3 d6 3. d4 Nf6 4. Nc3 g6 5. h3 Bg7 6. Be3 O-O 7. Bc4 Nxe4 8.
Nxe4 d5 9. Bd3 dxe4 10. Bxe4 Nb8 11. O-O Nd7 12. c4 c6 13. Qc2 e5 14. dxe5 Nxe5
15. Nxe5 Bxe5 16. Rad1 Qf6 17. b3 Bf4 18. Bd4 Be5 19. Qc3 Bxd4 20. Qxd4 Qxd4
21. Rxd4 Re8 22. Rfd1 Kg7 23. Bd3 c5 24. Rd6 b6 25. f4 Re7 26. Kf2 Bb7 27. f5
gxf5 28. Bxf5 Rae8 29. Bg4 Re5 30. Rd7 R8e7 31. Rxe7 Rxe7 32. Rd6 Be4 33. g3
Bb1 34. Rd2 Kf6 35. Bf3 Bf5 36. h4 Rd7 37. Rxd7 Bxd7 38. Bd5 Bf5 39. Ke3 Bb1
40. Be4 Bxa2 41. Bc2 a5 42. Kd3 Kf5 43. Kc3+ Kg4 44. Bxh7 a4 45. bxa4 f5 46.
Bg6 f4 47. gxf4 Kxh4 48. Bd3 Kg4 49. Kb2 Bxc4 50. Bxc4 Kxf4 51. Kc3 Ke4 52. Bg8
1-0

[Event "Moscow-Open 2021_A"]
[Site "Moscow"]
[Date "2021.02.21"]
[Round "2.20"]
[White "Oliinyk, Serafim"]
[Black "Assaubayeva, Bibisara"]
[Result "0-1"]
[WhiteElo "2035"]
[BlackElo "2378"]
[PlyCount "80"]
[EventDate "2021.02.20"]

1. Nf3 Nf6 2. g3 g6 3. Bg2 Bg7 4. O-O O-O 5. d3 d5 6. Nbd2 c5 7. e4 Nc6 8. Re1
dxe4 9. dxe4 e5 10. c3 Be6 11. Qe2 h6 12. Nc4 Qc7 13. a4 Rad8 14. h3 b6 15. Nh4
Qc8 16. Kh2 Qa6 17. Bf1 Rfe8 18. Nd2 Qxe2 19. Bxe2 Na5 20. Nhf3 Nb3 21. Nxb3
Bxb3 22. Bb5 Re6 23. a5 Bc2 24. Nd2 bxa5 25. f3 a6 26. Ba4 Bd3 27. Bb3 Rb6 28.
Rxa5 h5 29. Bc4 Bh6 30. Bxd3 Bxd2 31. Bxd2 Rxb2 32. Bf1 Rdxd2+ 33. Kg1 h4 34.
Rxa6 Nh5 35. Raa1 hxg3 36. Reb1 Nf4 37. Rxb2 Rxb2 38. Re1 g2 39. Bc4 Nxh3+ 40.
Kh2 g1=Q+ 0-1

[Event "Moscow-Open 2021_A"]
[Site "Moscow"]
[Date "2021.02.21"]
[Round "2.21"]
[White "Murtazin, Bulat"]
[Black "Rostovtsev, Dmitry"]
[Result "0-1"]
[WhiteElo "2355"]
[BlackElo "2037"]
[PlyCount "56"]
[EventDate "2021.02.20"]

1. d4 Nf6 2. c4 g6 3. f3 Bg7 4. e4 d6 5. Ne2 O-O 6. Be3 c5 7. Qd2 Nc6 8. d5 Ne5
9. Nec3 e6 10. Be2 exd5 11. cxd5 a6 12. a4 Bd7 13. Na3 b5 14. axb5 axb5 15.
Ncxb5 Bxb5 16. Bxb5 Qb6 17. Qe2 Rfb8 18. b4 Qxb5 19. Nxb5 Rxa1+ 20. Kf2 Rxh1
21. Nxd6 cxb4 22. Qa6 b3 23. Qa7 b2 24. Qxb8+ Bf8 25. Nc8 b1=Q 26. Ne7+ Kg7 27.
Bh6+ Kxh6 28. Qxf8+ Kh5 0-1

[Event "Moscow-Open 2021_A"]
[Site "Moscow"]
[Date "2021.02.21"]
[Round "2.22"]
[White "Petrovsky, Nikita"]
[Black "Gubajdullin, Alexei"]
[Result "0-1"]
[WhiteElo "2006"]
[BlackElo "2347"]
[PlyCount "78"]
[EventDate "2021.02.20"]

1. e4 d6 2. d4 Nf6 3. Nc3 g6 4. f4 Bg7 5. Nf3 O-O 6. Bd3 Nc6 7. O-O Bg4 8. Be3
e5 9. dxe5 dxe5 10. fxe5 Nxe5 11. Be2 Nfd7 12. Nd4 Bxe2 13. Qxe2 c6 14. Rad1
Qe7 15. Nb1 Nc5 16. Nd2 Na4 17. Rb1 Rae8 18. N4b3 c5 19. Qb5 Qd7 20. Qxd7 Nxd7
21. Na5 b6 22. Nac4 Re6 23. Bf2 b5 24. Na3 Bxb2 25. Nxb5 a6 26. Nc7 Rc6 27. Nd5
Re8 28. Nb3 Rxe4 29. Rbd1 Nf6 30. Nxf6+ Bxf6 31. Nxc5 Nxc5 32. Bxc5 Rxc5 33.
Rxf6 Rxc2 34. h3 Ree2 35. Rd7 Rxg2+ 36. Kf1 Rh2 37. Kg1 Rcg2+ 38. Kf1 Rxa2 39.
Kg1 Rhd2 0-1

[Event "Moscow-Open 2021_A"]
[Site "Moscow"]
[Date "2021.02.21"]
[Round "2.23"]
[White "Kavyev, Ruslan"]
[Black "Dudarev, Vladislav"]
[Result "1-0"]
[WhiteElo "2339"]
[BlackElo "2031"]
[PlyCount "79"]
[EventDate "2021.02.20"]

1. d4 Nf6 2. c4 e6 3. g3 d5 4. Nf3 Be7 5. Bg2 O-O 6. Nc3 b6 7. cxd5 exd5 8. O-O
Bb7 9. Ne5 Nbd7 10. Qa4 Nxe5 11. dxe5 Nd7 12. Nxd5 c6 13. Nxe7+ Qxe7 14. f4 Nc5
15. Qc2 Ne6 16. f5 Nc5 17. Bf4 g6 18. Rad1 Rad8 19. Rd6 Rxd6 20. exd6 Qf6 21.
e4 Qd4+ 22. Qf2 Qxf2+ 23. Rxf2 gxf5 24. exf5 Nd3 25. Rd2 Nxf4 26. gxf4 f6 27.
b4 a6 28. Rc2 Rc8 29. Re2 Rd8 30. Re7 Bc8 31. Bxc6 Rxd6 32. Re8+ Kg7 33. Rxc8
Rd1+ 34. Kf2 Rd2+ 35. Kg3 Rxa2 36. Rb8 b5 37. Rb7+ Kh8 38. Rf7 Rb2 39. Rxf6
Rxb4 40. Rd6 1-0

[Event "Moscow-Open 2021_A"]
[Site "Moscow"]
[Date "2021.02.21"]
[Round "2.24"]
[White "Tsoi, Dmitry"]
[Black "Bogaudinov, Rushan"]
[Result "1-0"]
[WhiteElo "2334"]
[BlackElo "2016"]
[PlyCount "109"]
[EventDate "2021.02.20"]

1. b3 d5 2. Bb2 Nf6 3. e3 e6 4. f4 c5 5. Nf3 Nc6 6. Bb5 Bd7 7. O-O Be7 8. d3
O-O 9. Nbd2 Nb8 10. Bxd7 Nfxd7 11. Ne5 f6 12. Nxd7 Qxd7 13. Qh5 Nc6 14. Rf3 Qe8
15. Qg4 Qf7 16. Rg3 Bd6 17. Rh3 Rae8 18. Qh4 h6 19. Rf1 e5 20. f5 e4 21. dxe4
Be5 22. Bxe5 Rxe5 23. Rf4 dxe4 24. Rg4 h5 25. Qxh5 Qxh5 26. Rxh5 Rfe8 27. a3 b6
28. h3 Nd8 29. a4 Nf7 30. Nc4 Rd5 31. Rf4 Nd6 32. Nxd6 Rxd6 33. Rhh4 Rd2 34.
Rxe4 Rxe4 35. Rxe4 Rxc2 36. Re8+ Kh7 37. Re7 Rb2 38. Rxa7 Rxb3 39. Kf2 c4 40.
g4 Ra3 41. Ra6 Rb3 42. Kf3 Rb4 43. Ra7 c3 44. Rc7 Rxa4 45. Rxc3 Rb4 46. Rc7 Rb1
47. Rb7 b5 48. e4 Rf1+ 49. Kg3 Rg1+ 50. Kf2 Rh1 51. e5 fxe5 52. f6 Rh2+ 53. Kg3
Re2 54. f7 Re3+ 55. Kf2 1-0

[Event "Moscow-Open 2021_A"]
[Site "Moscow"]
[Date "2021.02.21"]
[Round "2.25"]
[White "Shturman, Arseniy"]
[Black "Vlassov, Nikolai"]
[Result "1/2-1/2"]
[WhiteElo "1782"]
[BlackElo "2331"]
[PlyCount "82"]
[EventDate "2021.02.20"]

1. e4 c5 2. Nf3 Nf6 3. Nc3 d6 4. d4 cxd4 5. Nxd4 g6 6. Be3 Bg7 7. f3 a6 8. Qd2
b5 9. a4 b4 10. Na2 a5 11. c3 bxc3 12. Nxc3 O-O 13. Bc4 Bb7 14. O-O Nc6 15.
Rfd1 Rc8 16. Nxc6 Bxc6 17. Rac1 Nd7 18. Nb5 Ba8 19. Bf1 Rxc1 20. Rxc1 Nc5 21.
Bxc5 dxc5 22. Qxd8 Rxd8 23. Rxc5 Bxb2 24. Bc4 Kg7 25. Kf2 Rd2+ 26. Be2 Rd7 27.
Bc4 e6 28. Ke2 h5 29. Bd3 Bb7 30. Kd2 Kf6 31. Ke3 Be5 32. g3 g5 33. h4 Bxg3 34.
Rxg5 Bxh4 35. Rxh5 Bg5+ 36. Ke2 Bf4 37. Na3 e5 38. Nc4 Bc6 39. Rf5+ Ke6 40.
Nxa5 Bxa4 41. Bc4+ Kd6 1/2-1/2

[Event "Moscow-Open 2021_A"]
[Site "Moscow"]
[Date "2021.02.21"]
[Round "2.26"]
[White "Yarikov, Artem"]
[Black "Safin, Robert"]
[Result "1/2-1/2"]
[WhiteElo "1778"]
[BlackElo "2283"]
[PlyCount "86"]
[EventDate "2021.02.20"]

1. e4 c5 2. Nf3 e6 3. d4 cxd4 4. Nxd4 Nf6 5. Nc3 Nc6 6. a3 Be7 7. Be2 d5 8.
exd5 Nxd5 9. Nxc6 bxc6 10. Nxd5 exd5 11. Be3 c5 12. Bf3 Be6 13. O-O Rc8 14. c3
O-O 15. Qd2 Qd7 16. Rfd1 Rfd8 17. b4 a5 18. Bxc5 Bxc5 19. bxc5 Rxc5 20. Qd4 Qc7
21. Rac1 Rc8 22. Rd3 h6 23. h3 Rb8 24. Qa4 Rb2 25. Rcd1 Rc4 26. Qe8+ Kh7 27.
Rxd5 Bxd5 28. Bxd5 Rb8 29. Qxb8 Qxb8 30. Bxc4 Qb2 31. a4 Qxc3 32. Bb5 g5 33.
Rf1 Qd2 34. Kh1 h5 35. Kg1 Kg7 36. Kh1 h4 37. f4 g4 38. hxg4 f5 39. g5 Kg6 40.
Be8+ Kg7 41. Bb5 Qe3 42. Kh2 Kg6 43. Rf3 Qe4 1/2-1/2

[Event "Moscow-Open 2021_A"]
[Site "Moscow"]
[Date "2021.02.21"]
[Round "2.27"]
[White "Basiev, Georgiy"]
[Black "Naumkin, Igor"]
[Result "0-1"]
[WhiteElo "1448"]
[BlackElo "2277"]
[PlyCount "54"]
[EventDate "2021.02.20"]

1. d4 e6 2. Nf3 f5 3. c4 Nf6 4. g3 Be7 5. Bg2 O-O 6. O-O d6 7. b3 Qe8 8. Bb2
Qh5 9. Nbd2 Nc6 10. e3 Qh6 11. Rc1 Bd7 12. c5 dxc5 13. dxc5 Rad8 14. Qe2 Be8
15. Qc4 Bf7 16. Qf4 g5 17. Qxc7 Rd7 18. Qxd7 Nxd7 19. Rfd1 Nxc5 20. Ba3 Nd3 21.
Bxe7 Nxe7 22. Rc7 Nd5 23. Rd7 g4 24. Nd4 Nxe3 25. Nc4 Nxd1 26. Nxf5 exf5 27.
Rxd3 Qc1 0-1

[Event "Moscow-Open 2021_A"]
[Site "Moscow"]
[Date "2021.02.21"]
[Round "2.28"]
[White "Gvanceladze, Anna"]
[Black "Gukhman, Sergey"]
[Result "1-0"]
[WhiteElo "2254"]
[BlackElo "1667"]
[PlyCount "55"]
[EventDate "2021.02.20"]

1. d4 Nf6 2. Nf3 e6 3. g3 b5 4. Bg2 Bb7 5. a4 b4 6. O-O d5 7. Nbd2 c5 8. c3 Nc6
9. Nb3 cxd4 10. cxd4 Na5 11. Ne5 Nxb3 12. Qxb3 Nd7 13. Bf4 Nxe5 14. Bxe5 f6 15.
Bf4 Bd6 16. a5 O-O 17. Rfc1 Bxf4 18. gxf4 Qd6 19. f5 Kh8 20. fxe6 Rab8 21. a6
Bxa6 22. Qxd5 Qxd5 23. Bxd5 Bxe2 24. Rxa7 Rfd8 25. Rc5 Bh5 26. e7 Rd6 27. Rac7
Bg4 28. Rc8+ 1-0

[Event "Moscow-Open 2021_A"]
[Site "Moscow"]
[Date "2021.02.21"]
[Round "2.29"]
[White "Zadorozhy, Egor"]
[Black "Zhukov, Anton"]
[Result "0-1"]
[WhiteElo "1156"]
[BlackElo "2237"]
[PlyCount "80"]
[EventDate "2021.02.20"]

1. e4 c5 2. c3 Nf6 3. e5 Nd5 4. Nf3 e6 5. d4 cxd4 6. cxd4 Nc6 7. Nc3 Nxc3 8.
bxc3 Be7 9. Bd3 b6 10. O-O Bb7 11. Be4 Qc7 12. a4 Na5 13. Bxb7 Qxb7 14. Ba3
Bxa3 15. Rxa3 h6 16. Nd2 Qd5 17. Qg4 Kf8 18. f4 g6 19. Qh4 Rc8 20. Nf3 Nc4 21.
Raa1 Ne3 22. Qf6 Rg8 23. Rfc1 Qe4 24. Re1 Qd3 25. Rac1 Nd5 26. Qh4 Kg7 27. Rf1
Rxc3 28. Rxc3 Qxc3 29. f5 exf5 30. Qg3 Qe3+ 31. Kh1 Rc8 32. h3 Rc1 33. Rxc1
Qxc1+ 34. Ng1 Qf4 35. Qd3 Qe4 36. Qd2 Qe3 37. Qb2 Nf4 38. d5 Nd3 39. Qa1 Qxe5
40. Qa3 Nf2# 0-1

[Event "Moscow-Open 2021_A"]
[Site "Moscow"]
[Date "2021.02.21"]
[Round "2.30"]
[White "Mikhailovsky, Vladimir"]
[Black "Zulpikarov, Ruslan"]
[Result "1-0"]
[WhiteElo "2228"]
[BlackElo "1647"]
[PlyCount "65"]
[EventDate "2021.02.20"]

1. e4 e5 2. Nc3 Nc6 3. g3 Bc5 4. Bg2 d6 5. Na4 Bb6 6. Nxb6 axb6 7. Ne2 Nge7 8.
d4 Bg4 9. f3 Bh5 10. g4 Bg6 11. f4 f6 12. f5 Bf7 13. d5 Nb8 14. c4 c6 15. Nc3
Nd7 16. Be3 h5 17. g5 g6 18. O-O gxf5 19. exf5 fxg5 20. Bxg5 Qc7 21. h4 b5 22.
dxc6 bxc6 23. cxb5 Rb8 24. f6 Ng6 25. Bxc6 Rg8 26. Kh1 Kd8 27. Nd5 Qa7 28. Ne7
Kc7 29. Rc1 Nc5 30. b4 Qa3 31. bxc5 Qh3+ 32. Kg1 Nxh4 33. Qxd6# 1-0

[Event "Moscow-Open 2021_A"]
[Site "Moscow"]
[Date "2021.02.21"]
[Round "2.31"]
[White "Nikologorsky, Matfei"]
[Black "Rogov, Ivan"]
[Result "1-0"]
[WhiteElo "2215"]
[BlackElo "1633"]
[PlyCount "55"]
[EventDate "2021.02.20"]

1. e4 c5 2. Nf3 d6 3. d4 cxd4 4. Nxd4 Nf6 5. Nc3 a6 6. h3 e5 7. Nde2 b5 8. Ng3
Bb7 9. Bg5 Nbd7 10. Nh5 Rc8 11. Be2 Qb6 12. Bxf6 Nxf6 13. Nxf6+ gxf6 14. O-O
Rg8 15. a4 bxa4 16. Nd5 Bxd5 17. Qxd5 Rxc2 18. Bc4 Qc7 19. Rxa4 a5 20. Qa8+ Ke7
21. Rxa5 Rxc4 22. Ra7 Rg6 23. Rxc7+ Rxc7 24. Qb8 Rd7 25. Ra1 Bh6 26. Ra8 d5 27.
Qe8+ Kd6 28. Ra6+ 1-0

[Event "Moscow-Open 2021_A"]
[Site "Moscow"]
[Date "2021.02.21"]
[Round "2.32"]
[White "Khudyakov, Stanislav"]
[Black "Cherniaev, Danil"]
[Result "1-0"]
[WhiteElo "2196"]
[BlackElo "1583"]
[PlyCount "61"]
[EventDate "2021.02.20"]

1. d4 d5 2. c4 dxc4 3. Nc3 Nf6 4. e3 e5 5. Nf3 exd4 6. Qxd4 Qxd4 7. Nxd4 a6 8.
Bxc4 c5 9. Nf3 Nc6 10. O-O Bg4 11. Nd5 Bd6 12. h3 Bxf3 13. gxf3 b5 14. Nxf6+
gxf6 15. Bd5 Rc8 16. Rd1 Ke7 17. f4 Rhg8+ 18. Kf1 f5 19. a3 Nb8 20. a4 b4 21.
b3 a5 22. Bb2 Nd7 23. Bxf7 Rgf8 24. Bc4 Nb6 25. Ba6 Rc7 26. Rac1 Rg8 27. Bf6+
Ke6 28. Rxd6+ Kxd6 29. Be5+ Kd7 30. Rd1+ Kc6 31. Rd6# 1-0

[Event "Moscow-Open 2021_A"]
[Site "Moscow"]
[Date "2021.02.21"]
[Round "2.33"]
[White "Popov, Andrey"]
[Black "Agkatsev, Albert A"]
[Result "1/2-1/2"]
[WhiteElo "2182"]
[BlackElo "1550"]
[PlyCount "113"]
[EventDate "2021.02.20"]

1. e4 c5 2. Nf3 d6 3. d4 cxd4 4. Nxd4 Nf6 5. Nc3 a6 6. h3 e6 7. g4 b5 8. Bg2
Bb7 9. g5 Nfd7 10. a3 Nb6 11. f4 Be7 12. O-O d5 13. f5 e5 14. Ne6 fxe6 15. Qh5+
Kd7 16. fxe6+ Kc8 17. exd5 Nxd5 18. Rf3 Qb6+ 19. Kh2 Qxe6 20. Qf7 Nc7 21. Qxg7
Rg8 22. Qxh7 Bxf3 23. Bxf3 Nd7 24. Bg4 Qg6 25. Qxe7 Qxc2+ 26. Kg1 Qd3 27. Kg2
Rb8 28. Bxd7+ Qxd7 29. Qxe5 Re8 30. Qf6 Nd5 31. Qf3 Nxc3 32. Qxc3+ Kb7 33. Qf3+
Qc6 34. Bf4 Rbd8 35. Rc1 Re2+ 36. Kg3 Qxf3+ 37. Kxf3 Rxb2 38. Rc7+ Kb6 39. Rc3
Rh8 40. Kg3 a5 41. h4 b4 42. Rf3 Rb1 43. axb4 axb4 44. Kg4 b3 45. g6 b2 46.
Rb3+ Kc6 47. Bg3 Kd7 48. h5 Rg8 49. Rb6 Ke7 50. Rb7+ Kf6 51. Rb6+ Ke7 52. h6
Rh1 53. Bh4+ Rxh4+ 54. Kxh4 Rxg6 55. Rb7+ Kf6 56. Rb6+ Kf5 57. Rxb2 1/2-1/2

[Event "Moscow-Open 2021_A"]
[Site "Moscow"]
[Date "2021.02.21"]
[Round "2.34"]
[White "Manelyuk, Daniil"]
[Black "Agkatsev, Felix A"]
[Result "1-0"]
[WhiteElo "2386"]
[BlackElo "1338"]
[PlyCount "65"]
[EventDate "2021.02.20"]

1. c4 Nf6 2. Nc3 e6 3. g3 d5 4. Bg2 c6 5. b3 Be7 6. Nf3 Nbd7 7. O-O O-O 8. d3
b6 9. Bb2 Bb7 10. Qc2 Rc8 11. e4 dxe4 12. dxe4 Qc7 13. Rad1 Rfd8 14. Rfe1 b5
15. e5 Ne8 16. Ne4 bxc4 17. bxc4 Nc5 18. Nxc5 Bxc5 19. Ng5 g6 20. Ne4 Bb4 21.
Rf1 Bf8 22. Nd6 Nxd6 23. exd6 Bxd6 24. Qc3 e5 25. Bh3 Rb8 26. c5 Bf8 27. Qxe5
Qxe5 28. Bxe5 Rxd1 29. Rxd1 Re8 30. Bd6 Re2 31. Rb1 Bxd6 32. cxd6 Ba6 33. d7
1-0

[Event "Moscow-Open 2021_A"]
[Site "Moscow"]
[Date "2021.02.21"]
[Round "2.35"]
[White "Ekimov, Pavel"]
[Black "Badelka, Olga"]
[Result "0-1"]
[WhiteElo "1853"]
[BlackElo "2428"]
[PlyCount "100"]
[EventDate "2021.02.20"]

1. d4 d5 2. Nf3 Nf6 3. c4 dxc4 4. Nc3 e6 5. Bg5 Bb4 6. e4 c5 7. e5 cxd4 8. exf6
gxf6 9. Bxf6 Qxf6 10. Qxd4 Qxd4 11. Nxd4 Bd7 12. Bxc4 Ke7 13. Rc1 Rg8 14. O-O
Nc6 15. Nxc6+ Bxc6 16. g3 Rgd8 17. Rfd1 Bxc3 18. bxc3 Bf3 19. Re1 Rd2 20. Re3
Bc6 21. Kf1 Rad8 22. Re2 b5 23. Ke1 R2d6 24. Bb3 a5 25. Rd1 a4 26. Rxd6 Rxd6
27. Bc2 Bd5 28. Bxh7 f5 29. f4 Kf6 30. g4 Kg7 31. Bxf5 exf5 32. gxf5 Kf6 33.
Re5 a3 34. Kd2 Bxa2+ 35. Kc1 Bb3 36. Re1 Kxf5 37. h4 Kxf4 38. h5 Kf3 39. Rh1
Rh6 40. Kd2 Kg2 41. Rh4 a2 42. Rg4+ Kf3 43. Rg1 Rxh5 44. Ra1 Rh2+ 45. Kc1 Rc2+
46. Kd1 Rxc3+ 47. Kd2 Rc2+ 48. Kd1 Ke3 49. Ke1 Rh2 50. Kf1 Rh1+ 0-1

[Event "Moscow-Open 2021_A"]
[Site "Moscow"]
[Date "2021.02.21"]
[Round "2.36"]
[White "Utemisov, Damir"]
[Black "Zakaryan, David"]
[Result "1/2-1/2"]
[WhiteElo "1894"]
[BlackElo "2335"]
[PlyCount "81"]
[EventDate "2021.02.20"]

1. Nf3 Nf6 2. c4 g6 3. b3 Bg7 4. Bb2 O-O 5. g3 c5 6. Bg2 Nc6 7. O-O d6 8. d4
cxd4 9. Nxd4 Bd7 10. Nc3 Qa5 11. e4 Nxd4 12. Qxd4 Bc6 13. Qd3 e6 14. Nb5 d5 15.
exd5 exd5 16. Nd4 Bd7 17. cxd5 Nxd5 18. a3 Nb6 19. Bxb7 Rab8 20. Bg2 Na4 21.
Nc6 Bxc6 22. Bxg7 Rfd8 23. Qe3 Bxg2 24. Bf6 Rd6 25. Kxg2 Rxf6 26. bxa4 Qxa4 27.
Rac1 Re8 28. Qd3 h5 29. h4 Qa5 30. Rfd1 Kh7 31. Rb1 Qc5 32. Rf1 Re5 33. Rbc1
Qb6 34. Rc2 Qb7+ 35. Kg1 Ref5 36. Qd8 Qb3 37. Rd2 Rf3 38. Kg2 Qxa3 39. Qa8 Qc5
40. Qxf3 Rxf3 41. Kxf3 1/2-1/2

[Event "Moscow-Open 2021_A"]
[Site "Moscow"]
[Date "2021.02.21"]
[Round "2.37"]
[White "Maltsevskaya, Aleksandra"]
[Black "Rakitin, Daniil"]
[Result "1-0"]
[WhiteElo "2327"]
[BlackElo "1851"]
[PlyCount "79"]
[EventDate "2021.02.20"]

1. e4 e5 2. Nf3 Nf6 3. Nxe5 d6 4. Nf3 Nxe4 5. Nc3 Nxc3 6. dxc3 Nd7 7. Be3 Be7
8. Qd2 Nb6 9. h3 Bf5 10. O-O-O Qd7 11. Kb1 O-O-O 12. Nd4 Be4 13. Nb5 Kb8 14. c4
Bc6 15. Qa5 Bxb5 16. cxb5 Bf6 17. Rd3 Nc8 18. Be2 c5 19. bxc6 Qxc6 20. Bf3 Qc7
21. Rb3 Nb6 22. Rxb6 axb6 23. Bxb6 Qxb6 24. Qxb6 Rd7 25. Rd1 Be5 26. a4 Rf8 27.
a5 Kc8 28. a6 bxa6 29. Be2 Rc7 30. Rxd6 Bxd6 31. Qxd6 Ra7 32. Qxf8+ Kc7 33.
Qe7+ Kb6 34. Qd6+ Kb7 35. c4 a5 36. c5 a4 37. c6+ Kb6 38. c7+ Kb7 39. Bf3+ Kc8
40. Qd8# 1-0

[Event "Moscow-Open 2021_A"]
[Site "Moscow"]
[Date "2021.02.21"]
[Round "2.38"]
[White "Ibadov, Dashgyn"]
[Black "Khripachenko, Alexander"]
[Result "1-0"]
[WhiteElo "2282"]
[BlackElo "1825"]
[PlyCount "71"]
[EventDate "2021.02.20"]

1. e4 c6 2. d4 d5 3. e5 Bf5 4. Nf3 e6 5. Be2 Nd7 6. O-O Ne7 7. Nh4 Bg6 8. Nd2
c5 9. c3 Nf5 10. Nxg6 hxg6 11. Nf3 Be7 12. g3 O-O 13. Kg2 Nb8 14. dxc5 Bxc5 15.
Bf4 Nc6 16. Bd3 Qb6 17. b4 Be7 18. a3 a5 19. b5 Nb8 20. Qd2 Re8 21. g4 Nh6 22.
Bxh6 gxh6 23. Qxh6 Nd7 24. h4 Bf8 25. Qf4 Nc5 26. Bc2 Ne4 27. Bxe4 dxe4 28. Ng5
Qc7 29. Nxe4 Bg7 30. Nf6+ Bxf6 31. Qxf6 Qxc3 32. h5 Qd4 33. h6 Qxg4+ 34. Kh2
Qh5+ 35. Kg3 Qxh6 36. Rh1 1-0